Delicious Foods (A-Z) Quiz Stats

 Plays Quiz Updated Dec 6, 2018

Support Sporcle.
Go Orange.
Score 0/25 Timer 05:00
3 Plays Today
% Correct
doughnuts
99%
ice cream cone
98.2%
bacon
97.5%
lobster
97%
hamburger
96.7%
salmon sushi
94.8%
pretzel
94.6%
yogurt
92.7%
walnuts
92.3%
nachos
92.2%
mustard
89.4%
omelette
88.3%
quiche
88.2%
% Correct
artichoke
86.8%
coleslaw
86.3%
jerky
85.1%
zucchini
83.9%
escargot
77.9%
rosemary
74.3%
vanilla beans
68.7%
granola
66.2%
falafel
57.1%
tamales
54.1%
udon
39.7%
kimchi
31.8%

You're not logged in!

Compare scores with friends on all Sporcle quizzes.
OR
Log In
Forgot?

From the Vault

Find the Provinces of Canada - No Outlines

by teedslaststand

They wanted us to put outlines on this map, but we were having Nunavut.
Remove Ads.
Support Sporcle.
Get the best of Sporcle when you Go Orange. This ad-free experience offers more features, more stats, and more fun while also helping to support Sporcle. Thank you for becoming a member.

Show Comments

Extras

Top Quizzes Today


Score Distribution

Your Account Isn't Verified!

In order to create a playlist on Sporcle, you need to verify the email address you used during registration. Go to your Sporcle Settings to finish the process.

Report this User

Report this user for behavior that violates our Community Guidelines.

Details: